Alternative Dispute Resolution (ADR) Mechanisms – (Record no. 121625)

MARC details
000 -LEADER
fixed length control field 01655nam a22002537a 4500
008 - FIXED-LENGTH DATA ELEMENTS--GENERAL INFORMATION
fixed length control field 230721s2022 xxk|||||o|||| 00| 0 eng d
041 ## - LANGUAGE CODE
Language code of text/sound track or separate title eng
110 ## - MAIN ENTRY--CORPORATE NAME
Corporate author Royal Institution of Chartered Surveyors
245 ## - TITLE STATEMENT
Title Alternative Dispute Resolution (ADR) Mechanisms –
Subtitle EMEA
Medium [Electronic resource]
260 ## - PUBLICATION INFORMATION
Place of publication London,
Publisher Royal Institution of Chartered Surveyors,
Date 2022
300 ## - PHYSICAL DESCRIPTION
Physical description 18p.
490 ## - SERIES TITLE
Series statement RICS Regulation
520 ## - ABSTRACT
Abstract Version 9. With effect from 2 March 2022
520 ## - ABSTRACT
Abstract The ‘Alternative Dispute Resolution Mechanisms – EMEA' guide sets out the list of approved ADR mechanisms, including Consumer redress mechanisms and Business-to-business ADR (for EMEA). It also contains information on seeking SRB approval for an alternative ADR mechanism. RICS automatically recognises and approves the European Commission’s list of organisations for consumer-facing ADR involving consumer claims. This list would meet the requirements as set out in the Rules of Conduct. The Centre for Effective Dispute Resolution (CEDR) is approved throughout the EMEA region. As indicated above there is no additional registration required (as this will indicated on the RICS Annual Return) and this can be used on a case-by-case basis.
650 ## - KEYWORDS
Keywords ALTERNATIVE DISPUTE RESOLUTION
650 ## - KEYWORDS
Keywords REDRESS
651 ## - SUBJECT ADDED ENTRY--GEOGRAPHIC NAME
Geographic name Africa
651 ## - SUBJECT ADDED ENTRY--GEOGRAPHIC NAME
Geographic name Europe
651 ## - SUBJECT ADDED ENTRY--GEOGRAPHIC NAME
Geographic name Middle East
690 ## - BROAD SUBJECT
9 (RLIN) 6236
Broad subject Dispute resolution
710 ## - ADDED CORPORATE NAME
Added corporate author Royal Institution of Chartered Surveyors
856 ## - ONLINE RESOURCE
Uniform Resource Identifier <a href="https://www.rics.org/content/dam/ricsglobal/documents/standards/Alternative_Dispute_Resolution_Mechanisms_EMEA.pdf">https://www.rics.org/content/dam/ricsglobal/documents/standards/Alternative_Dispute_Resolution_Mechanisms_EMEA.pdf</a>
Public note Available free on RICS.org
942 ## - ADDED ENTRY ELEMENTS (KOHA)
Suppress in OPAC Do not suppress in OPAC
Holdings
Lost status Damaged status Not for loan Current library Shelving location Date acquired Total Checkouts Full call number Date last seen Price effective from Koha item type
      Virtual Online 21/07/2023   ONLINE PUBLICATION 21/07/2023 21/07/2023 Online material